000 00406nam a2200169Ia 4500
008 230524s9999 xx 000 0 und d
020 _a9780195685687
082 _bTON
100 _aBenson H. Tongue
_942630
245 0 _aPrinciples of Vibration
250 _a4
260 _aNew Delhi
_bOxford
_c2010
300 _a"VII,516p;"
500 _aQuantity Number: 1
650 _aMechanics
942 _cBK
999 _c57641
_d57641